000 00300nam a2200133Ia 4500
008 100328s9999 xx 000 0 und d
082 _b54998
100 _aThomas Vernon
245 _aArabian Nights
260 _bHemkant
630 _aArabian Nights
730 _aArabian Nights
942 _cBOOK
999 _c541699
_d541696